[Event "34. Copenhagen Open (Politiken Cup)"]
[Site "Elsinore"]
[Date "2012.07.29"]
[Round "3"]
[White "Rorvik, Jon Fredrik"]
[Black "Brynell, Stellan"]
[Result "0-1"]
[WhiteElo "2149"]
[BlackElo "2498"]
[PlyCount "74"]
[EventDate "2012.07.28"]
[EventType "swiss"]
[EventRounds "10"]
[EventCountry "DEN"]
[Source "ChessBase"]
[SourceDate "2012.08.24"]

1. c4 e5 2. Nc3 Nf6 3. g3 Bb4 4. Bg2 O-O 5. e4 Bxc3 6. dxc3 d6 7. Ne2 Nbd7 8.
O-O a6 9. Be3 b5 10. Qd3 Ng4 11. cxb5 Nxe3 12. Qxe3 axb5 13. Nc1 Nc5 14. Nd3
Na4 15. b3 Nb6 16. Rfd1 Qe7 17. Nb4 Bd7 18. Bf1 Ra3 19. Nc2 Ra5 20. Qd2 Rfa8
21. Ne3 Be6 22. Nd5 Nxd5 23. exd5 Bd7 24. c4 bxc4 25. Bxc4 Ra3 26. Qc2 R8a7 27.
Qe2 Qf6 28. Rd2 g6 29. Rc1 h5 30. Kg2 e4 31. Rcc2 Kg7 32. Rb2 Qe5 33. Qe3 R7a5
34. f3 Bf5 35. f4 Qf6 36. h3 Kg8 37. Rbc2 Qa1 0-1

[Event "34. Copenhagen Open (Politiken Cup)"]
[Site "Elsinore"]
[Date "2012.07.29"]
[Round "3"]
[White "Rosell, Sven"]
[Black "Haubro, Martin"]
[Result "0-1"]
[WhiteElo "1937"]
[BlackElo "2148"]
[PlyCount "78"]
[EventDate "2012.07.28"]
[EventType "swiss"]
[EventRounds "10"]
[EventCountry "DEN"]
[Source "ChessBase"]
[SourceDate "2012.08.24"]

1. c4 e5 2. Nc3 d6 3. Nf3 f5 4. d4 e4 5. Ng5 Be7 6. Nh3 Nf6 7. e3 O-O 8. Be2 c6
9. Nf4 Na6 10. h4 Nc7 11. Qb3 Kh8 12. h5 Rb8 13. Bd2 Ne6 14. g3 Nxf4 15. gxf4
Be6 16. Qc2 Qd7 17. a4 h6 18. Kf1 Bf7 19. Kg2 Rfc8 20. a5 Qe8 21. Qd1 Qg8 22.
b3 g5 23. hxg6 Qxg6+ 24. Kh2 Rg8 25. Rg1 Ng4+ 26. Bxg4 fxg4 27. Kg3 h5 28. Ne2
d5 29. c5 Qf5 30. Rh1 h4+ 31. Kg2 Bh5 32. Kf1 Kg7 33. a6 Kf7 34. axb7 g3 35.
fxg3 Bf3 36. Kf2 hxg3+ 37. Nxg3 Rxg3 38. Qf1 Qg6 39. Rg1 Bh4 0-1

[Event "34. Copenhagen Open (Politiken Cup)"]
[Site "Elsinore"]
[Date "2012.07.29"]
[Round "3"]
[White "Rossen, Claus"]
[Black "Popovic, Dusan"]
[Result "0-1"]
[WhiteElo "2223"]
[BlackElo "2579"]
[PlyCount "52"]
[EventDate "2012.07.28"]
[EventType "swiss"]
[EventRounds "10"]
[EventCountry "DEN"]
[Source "ChessBase"]
[SourceDate "2012.08.24"]

1. d4 Nf6 2. c4 g6 3. Nc3 Bg7 4. e4 d6 5. f3 O-O 6. Be3 e5 7. d5 Nh5 8. g4 Nf4
9. Nge2 Qh4+ 10. Bf2 Qe7 11. Nxf4 exf4 12. Qd2 Nd7 13. O-O-O a6 14. Ne2 Ne5 15.
Nd4 c5 16. dxc6 bxc6 17. Be2 Rd8 18. Nb3 Be6 19. Na5 c5 20. Qxf4 Rab8 21. b3
Qc7 22. Be1 Rb4 23. Bxb4 cxb4 24. Qd2 Qxa5 25. g5 Nc6 26. f4 Bc3 0-1

[Event "34. Copenhagen Open (Politiken Cup)"]
[Site "Elsinore"]
[Date "2012.07.29"]
[Round "3"]
[White "Rostgaard, Tobias Valentin"]
[Black "Nielsen, Hogni Egilstoft"]
[Result "1-0"]
[WhiteElo "2246"]
[BlackElo "2057"]
[PlyCount "151"]
[EventDate "2012.07.28"]
[EventType "swiss"]
[EventRounds "10"]
[EventCountry "DEN"]
[Source "ChessBase"]
[SourceDate "2012.08.24"]

1. d4 e6 2. Nf3 Nf6 3. Bg5 d5 4. e3 Nbd7 5. Bd3 Be7 6. Nbd2 O-O 7. O-O Ne8 8.
Bxe7 Qxe7 9. e4 dxe4 10. Nxe4 b6 11. Re1 Bb7 12. c4 Nd6 13. Ng3 Qf6 14. Ne5
Rad8 15. Qa4 Nb8 16. c5 bxc5 17. dxc5 Nc8 18. Rad1 Rd5 19. Qe4 g6 20. b4 Rfd8
21. Qe2 h5 22. Nc4 Rd4 23. Ne4 Qf4 24. g3 Qh6 25. Nf6+ Kg7 26. Ne8+ Kf8 27.
Nxc7 a6 28. Nxe6+ fxe6 29. Qxe6 Qg7 30. Ne5 Ne7 31. Bc2 Rxd1 32. Rxd1 Rxd1+ 33.
Bxd1 Bd5 34. Qd6 Nbc6 35. Nxc6 Bxc6 36. Qd8+ Be8 37. Ba4 Qf7 38. a3 g5 39. c6
Nd5 40. Qd6+ Ne7 41. c7 Qf5 42. Qh6+ Kg8 43. Bb3+ Bf7 44. Bxf7+ Kxf7 45. Qxh5+
Ke6 46. Qe2+ Kd7 47. Qxa6 Qb1+ 48. Kg2 Qe4+ 49. f3 Qc2+ 50. Kg1 Qc1+ 51. Kf2
Qb2+ 52. Qe2 Qxa3 53. Qxe7+ Kxe7 54. c8=Q Qb2+ 55. Kg1 Qxb4 56. Qc7+ Ke6 57.
Qc6+ Ke5 58. Qe8+ Kf6 59. Qd8+ Kf5 60. g4+ Kf4 61. Qf6+ Ke3 62. Qxg5+ Kxf3 63.
Qf5+ Ke3 64. Qf2+ Ke4 65. Kg2 Qb8 66. h4 Qg8 67. Qf3+ Ke5 68. Kg3 Qg6 69. h5
Qg5 70. Qc3+ Ke6 71. Qc4+ Ke7 72. Qf4 Qd5 73. g5 Qd3+ 74. Kh4 Qd1 75. g6 Qd5
76. Qg5+ 1-0

[Event "34. Copenhagen Open (Politiken Cup)"]
[Site "Elsinore"]
[Date "2012.07.29"]
[Round "3"]
[White "Schmidt, Horst Hubert"]
[Black "Satre, Mathias"]
[Result "1-0"]
[WhiteElo "1854"]
[BlackElo "1722"]
[PlyCount "85"]
[EventDate "2012.07.28"]
[EventType "swiss"]
[EventRounds "10"]
[EventCountry "DEN"]
[Source "ChessBase"]
[SourceDate "2012.08.24"]

1. e4 e6 2. d4 d5 3. e5 c5 4. c3 Nc6 5. Be3 Qb6 6. Qd2 cxd4 7. cxd4 f6 8. f4
Bd7 9. Nc3 O-O-O 10. Nf3 h5 11. Bd3 fxe5 12. fxe5 Nge7 13. O-O Nb4 14. Rac1 Kb8
15. Bb1 g6 16. a3 Nbc6 17. Ng5 Rg8 18. Nf7 Rc8 19. Nd6 Rd8 20. b4 Nf5 21. Bxf5
gxf5 22. Na4 Qc7 23. b5 Bxd6 24. bxc6 Bxa3 25. Ra1 Bxc6 26. Rxa3 h4 27. Nc5 h3
28. g3 Qh7 29. Bf4 Rg6 30. Rb1 b6 31. Na6+ Kb7 32. Nb4 Rc8 33. Rba1 a5 34. Qd3
Ra8 35. Nxc6 Kxc6 36. Rc1+ Kb7 37. Rac3 Rg7 38. Qb5 Qg8 39. Rc6 Ra6 40. Rd6 Rc7
41. Rxc7+ Kxc7 42. Qxa6 Qg4 43. Qxb6+ 1-0

[Event "34. Copenhagen Open (Politiken Cup)"]
[Site "Elsinore"]
[Date "2012.07.29"]
[Round "3"]
[White "Schmied, Andreas"]
[Black "Verhasselt, Karsten"]
[Result "1-0"]
[WhiteElo "2067"]
[BlackElo "1814"]
[PlyCount "103"]
[EventDate "2012.07.28"]
[EventType "swiss"]
[EventRounds "10"]
[EventCountry "DEN"]
[Source "ChessBase"]
[SourceDate "2012.08.24"]

1. d4 Nf6 2. c4 g6 3. Nf3 Bg7 4. g3 O-O 5. Bg2 d5 6. cxd5 Nxd5 7. O-O Nd7 8. e4
N5b6 9. Nc3 c5 10. d5 Ne5 11. Nxe5 Bxe5 12. Bh6 Re8 13. Be3 Nc4 14. Bc1 Qa5 15.
Qa4 Qxa4 16. Nxa4 b6 17. Rb1 e6 18. b3 Nd6 19. Bb2 exd5 20. exd5 Bb7 21. Rfe1
Bg7 22. Bxg7 Kxg7 23. Nb2 Kf8 24. Nc4 Rad8 25. Ne5 Nf5 26. Nc6 Bxc6 27. dxc6
Nd4 28. Kf1 Rxe1+ 29. Rxe1 Rc8 30. Rd1 Rc7 31. b4 Nxc6 32. bxc5 bxc5 33. Rc1
Nd4 34. Rc4 Ke7 35. h4 Kd7 36. Be4 Ke6 37. Bd3 Rb7 38. Ra4 Nc6 39. h5 Ne5 40.
Be4 Rb4 41. Ra6+ Ke7 42. Rxa7+ Nd7 43. Bc6 Rd4 44. hxg6 fxg6 45. Ke2 g5 46. g4
c4 47. a4 Ke6 48. Bxd7+ Kd6 49. Bf5 c3 50. Rd7+ Kc5 51. Rxd4 Kxd4 52. Bxh7 1-0

[Event "34. Copenhagen Open (Politiken Cup)"]
[Site "Elsinore"]
[Date "2012.07.29"]
[Round "3"]
[White "Sem Johansen, Asmund"]
[Black "Bremer, Erik"]
[Result "1-0"]
[WhiteElo "1751"]
[BlackElo "1547"]
[PlyCount "67"]
[EventDate "2012.07.28"]
[EventType "swiss"]
[EventRounds "10"]
[EventCountry "DEN"]
[Source "ChessBase"]
[SourceDate "2012.08.24"]

1. e4 c5 2. Nc3 d6 3. f4 Nc6 4. Nf3 Nf6 5. d3 e6 6. Be2 g6 7. O-O Bg7 8. Qe1
O-O 9. h3 a6 10. Qf2 b5 11. Kh1 b4 12. Nd1 c4 13. g4 cxd3 14. cxd3 Rb8 15. Ne3
Nd7 16. Ng2 b3 17. axb3 Rxb3 18. Ra3 Rb8 19. d4 Nf6 20. e5 Ne4 21. Qe1 dxe5 22.
Bxa6 exf4 23. Qxe4 Bxa6 24. Rxa6 Nxd4 25. Nxd4 Bxd4 26. Bxf4 Rxb2 27. Rd6 Qa5
28. Qxd4 Qa2 29. Bd2 e5 30. Qd5 Qa3 31. Ne3 Rb3 32. Rd8 Rxe3 33. Rxf8+ Kxf8 34.
Qxf7# 1-0

[Event "34. Copenhagen Open (Politiken Cup)"]
[Site "Elsinore"]
[Date "2012.07.29"]
[Round "3"]
[White "Sjol, Henrik"]
[Black "Hansen, Herluf"]
[Result "0-1"]
[WhiteElo "1878"]
[BlackElo "2079"]
[PlyCount "102"]
[EventDate "2012.07.28"]
[EventType "swiss"]
[EventRounds "10"]
[EventCountry "DEN"]
[Source "ChessBase"]
[SourceDate "2012.08.24"]

1. d4 d5 2. Nf3 Nf6 3. e3 Bg4 4. c4 e6 5. Nc3 c6 6. cxd5 exd5 7. Be2 Nbd7 8.
Ne5 Nxe5 9. dxe5 Bxe2 10. Qxe2 Nd7 11. f4 Bc5 12. O-O Qe7 13. Bd2 O-O 14. Kh1
f6 15. e4 d4 16. exf6 Rxf6 17. Na4 b5 18. Nxc5 Qxc5 19. Rac1 Qb6 20. Qg4 Rf7
21. e5 Re7 22. Rf3 c5 23. Rh3 Rae8 24. Rf1 g6 25. Qg5 Qe6 26. Rhf3 Qf5 27. Qh4
Qe4 28. Re1 Qc2 29. Bc1 c4 30. Rf2 Qd3 31. Rf3 Qc2 32. Rf2 Qa4 33. g4 b4 34.
Rfe2 Qc6+ 35. Kg1 Nc5 36. f5 Nd3 37. f6 Nxe1 38. Rxe1 Rd7 39. Rf1 Rf7 40. Qg3
a5 41. h4 Qd5 42. Bf4 d3 43. h5 c3 44. Qh4 Qd4+ 45. Kh2 Rxe5 46. Kh3 Re3+ 47.
Bg3 Qe5 48. hxg6 hxg6 49. Kg2 Rxg3+ 50. Qxg3 Qxg3+ 51. Kxg3 d2 0-1

[Event "34. Copenhagen Open (Politiken Cup)"]
[Site "Elsinore"]
[Date "2012.07.29"]
[Round "3"]
[White "Solli, Oddvar"]
[Black "Hansen, Morten Moller"]
[Result "0-1"]
[WhiteElo "1894"]
[BlackElo "2095"]
[PlyCount "50"]
[EventDate "2012.07.28"]
[EventType "swiss"]
[EventRounds "10"]
[EventCountry "DEN"]
[Source "ChessBase"]
[SourceDate "2012.08.24"]

1. d4 Nf6 2. c4 e6 3. Nc3 d5 4. Bg5 c6 5. e3 Nbd7 6. Nf3 Be7 7. Rc1 O-O 8. Bd3
b6 9. O-O Bb7 10. Ne5 Nxe5 11. dxe5 Nd7 12. Bxe7 Qxe7 13. f4 g6 14. Qg4 f5 15.
Qe2 Nc5 16. Bc2 Ba6 17. Bb3 Rfd8 18. Nb1 Rd7 19. Nd2 Rad8 20. Rfd1 g5 21. Nf3
gxf4 22. Nd4 Rc7 23. exf4 Nxb3 24. axb3 dxc4 25. bxc4 Qc5 0-1

[Event "34. Copenhagen Open (Politiken Cup)"]
[Site "Elsinore"]
[Date "2012.07.29"]
[Round "3"]
[White "Spiess, Thomas"]
[Black "Nielsen, Rogvi Egilstoft"]
[Result "0-1"]
[WhiteElo "2007"]
[BlackElo "2203"]
[PlyCount "66"]
[EventDate "2012.07.28"]
[EventType "swiss"]
[EventRounds "10"]
[EventCountry "DEN"]
[Source "ChessBase"]
[SourceDate "2012.08.24"]

1. d4 Nf6 2. Nf3 e6 3. e3 c5 4. Bd3 b6 5. O-O Bb7 6. c4 Nc6 7. Nc3 d5 8. a3 Rc8
9. Qe2 cxd4 10. exd4 dxc4 11. Bxc4 Nxd4 12. Nxd4 Qxd4 13. Bb5+ Bc6 14. Rd1 Qg4
15. f3 Qh5 16. Ba6 Ra8 17. Nb5 Bc5+ 18. Kh1 O-O 19. Nc7 Rad8 20. b4 Bd6 21.
Rxd6 Rxd6 22. Bf4 Rd7 23. Rc1 Qf5 24. Bg3 Rfd8 25. h3 Rd2 26. Qf1 Rc2 27. Rd1
Rcd2 28. Rc1 Ba4 29. Re1 Qc2 30. Nb5 Bxb5 31. Bxb5 Nh5 32. Bh4 g5 33. Rc1 Rd1
0-1

[Event "34. Copenhagen Open (Politiken Cup)"]
[Site "Elsinore"]
[Date "2012.07.29"]
[Round "3"]
[White "Stray, Gunnar"]
[Black "Veng, Johny"]
[Result "1/2-1/2"]
[WhiteElo "2035"]
[BlackElo "2274"]
[PlyCount "20"]
[EventDate "2012.07.28"]
[EventType "swiss"]
[EventRounds "10"]
[EventCountry "DEN"]
[Source "ChessBase"]
[SourceDate "2012.08.24"]

1. d4 Nf6 2. Nf3 g6 3. g3 Bg7 4. Bg2 O-O 5. O-O d6 6. c4 Nc6 7. Nc3 Rb8 8. h3
a6 9. e4 e5 10. Be3 exd4 1/2-1/2

[Event "34. Copenhagen Open (Politiken Cup)"]
[Site "Elsinore"]
[Date "2012.07.29"]
[Round "3"]
[White "Ulrich, Thomas2"]
[Black "Zude, Erik"]
[Result "0-1"]
[WhiteElo "1975"]
[BlackElo "2384"]
[PlyCount "58"]
[EventDate "2012.07.28"]
[EventType "swiss"]
[EventRounds "10"]
[EventCountry "DEN"]
[Source "ChessBase"]
[SourceDate "2012.08.24"]

1. e4 c5 2. Nf3 d6 3. d4 cxd4 4. Nxd4 Nf6 5. Nc3 a6 6. Bg5 e6 7. f4 h6 8. Bh4
Qb6 9. Qd2 Qxb2 10. Rb1 Qa3 11. f5 Be7 12. fxe6 fxe6 13. Rb3 Qa5 14. Bxf6 Bxf6
15. Nf3 Nd7 16. e5 Nxe5 17. Be2 O-O 18. O-O Nc4 19. Qd3 d5 20. Qg6 Ne3 21. Rf2
Bxc3 22. Bd3 Nf5 23. g4 Bf6 24. gxf5 e5 25. Nxe5 Qe1+ 26. Kg2 Qxe5 27. Re2 Qf4
28. h4 Qxh4 29. Kf1 Qg5 0-1

[Event "34. Copenhagen Open (Politiken Cup)"]
[Site "Elsinore"]
[Date "2012.07.29"]
[Round "3"]
[White "Undheim, Bjarne"]
[Black "Rydstrom, Tom"]
[Result "0-1"]
[WhiteElo "1817"]
[BlackElo "2046"]
[PlyCount "70"]
[EventDate "2012.07.28"]
[EventType "swiss"]
[EventRounds "10"]
[EventCountry "DEN"]
[Source "ChessBase"]
[SourceDate "2012.08.24"]

1. e4 e5 2. Nf3 Nc6 3. d4 exd4 4. Bc4 Bc5 5. c3 Nf6 6. e5 d5 7. Bb5 Ne4 8. Nxd4
O-O 9. Bxc6 bxc6 10. Be3 Ba6 11. Qc2 Qh4 12. Nd2 Qg4 13. f3 Qxg2 14. O-O-O Nxd2
15. Rdg1 Qh3 16. Qxd2 g6 17. Rg3 Qd7 18. h4 Rfe8 19. f4 Bxd4 20. Bxd4 c5 21.
Bxc5 Qa4 22. Ba3 Rad8 23. h5 d4 24. hxg6 fxg6 25. Qh2 Rd7 26. Rxg6+ Kh8 27. Rh6
Bd3 28. e6 Rg7 29. Qd2 Be4 30. Re1 Bf5 31. Rh5 dxc3 32. Qf2 Rg2 33. Qxg2 Qxf4+
34. Kd1 Rd8+ 35. Ke2 Rd2# 0-1

[Event "34. Copenhagen Open (Politiken Cup)"]
[Site "Elsinore"]
[Date "2012.07.29"]
[Round "3"]
[White "Valembois, Pierre"]
[Black "Kristensen, Lars Ostergaard"]
[Result "0-1"]
[WhiteElo "1292"]
[BlackElo "1695"]
[PlyCount "106"]
[EventDate "2012.07.28"]
[EventType "swiss"]
[EventRounds "10"]
[EventCountry "DEN"]
[Source "ChessBase"]
[SourceDate "2012.08.24"]

1. g4 d5 2. h3 e5 3. Bg2 Bc5 4. c3 Nc6 5. Qa4 Nge7 6. Nf3 Bd7 7. Qc2 Ng6 8. d4
Bb6 9. Bg5 f6 10. Be3 e4 11. Nfd2 Nh4 12. Bxe4 dxe4 13. Qxe4+ Qe7 14. Qxe7+
Nxe7 15. Rg1 Nd5 16. Nf3 Nxf3+ 17. exf3 O-O-O 18. Na3 Rhe8 19. Nc4 Nxe3 20.
Nxb6+ axb6 21. fxe3 Rxe3+ 22. Kf2 Rde8 23. Kg3 Bc6 24. Rgf1 Bd5 25. Kf4 Re2 26.
b3 b5 27. Kg3 Kd7 28. Rf2 R8e3 29. Rxe2 Rxe2 30. h4 Re3 31. Rf1 Rxc3 32. g5 Rd3
33. Kg4 Rxd4+ 34. f4 Ke7 35. h5 fxg5 36. Kxg5 Rd2 37. Re1+ Kf7 38. Re5 Bc6 39.
Rf5+ Kg8 40. Re5 Rd5 41. h6 Rxe5+ 42. fxe5 gxh6+ 43. Kxh6 Kf7 44. Kg5 Ke6 45.
Kf4 b4 46. a3 bxa3 47. b4 a2 48. b5 Bxb5 49. Kg5 a1=Q 50. Kf4 Qxe5+ 51. Kg4 Kf6
52. Kh4 Qf4+ 53. Kh3 Bf1# 0-1

[Event "34. Copenhagen Open (Politiken Cup)"]
[Site "Elsinore"]
[Date "2012.07.29"]
[Round "3"]
[White "Vesterli, Michael E"]
[Black "Nordstrom, Hakon N"]
[Result "1-0"]
[WhiteElo "2029"]
[BlackElo "1776"]
[PlyCount "79"]
[EventDate "2012.07.28"]
[EventType "swiss"]
[EventRounds "10"]
[EventCountry "DEN"]
[Source "ChessBase"]
[SourceDate "2012.08.24"]

1. d4 Nf6 2. c4 c5 3. d5 b5 4. Nf3 d6 5. Qc2 g6 6. e4 Nbd7 7. cxb5 a6 8. Nc3
Bg7 9. bxa6 Qa5 10. Bd2 Bxa6 11. Na4 Qc7 12. Bxa6 Rxa6 13. O-O O-O 14. Bg5 Rb8
15. Nd2 h6 16. Bf4 Nh5 17. Be3 Qa5 18. Nc3 Rxb2 19. Qxb2 Bxc3 20. Qb7 Bxa1 21.
Rxa1 Ra7 22. Qc8+ Kh7 23. Qe8 Ne5 24. h4 Qc3 25. Rb1 Rxa2 26. Nf1 Ra1 27. Rb8
Rxf1+ 28. Kxf1 Ng3+ 29. fxg3 Qd3+ 30. Kg1 Qd1+ 31. Kh2 Ng4+ 32. Kh3 Qh1+ 33.
Kxg4 Qd1+ 34. Kf4 Qf1+ 35. Bf2 Qc1+ 36. Kf3 Qd1+ 37. Ke3 Qd4+ 38. Kf4 g5+ 39.
Kg4 Qd1+ 40. Kf5 1-0

[Event "34. Copenhagen Open (Politiken Cup)"]
[Site "Elsinore"]
[Date "2012.07.29"]
[Round "3"]
[White "Wadtland, Flemming"]
[Black "Nordin, Eric"]
[Result "0-1"]
[WhiteElo "1612"]
[BlackElo "1906"]
[PlyCount "40"]
[EventDate "2012.07.28"]
[EventType "swiss"]
[EventRounds "10"]
[EventCountry "DEN"]
[Source "ChessBase"]
[SourceDate "2012.08.24"]

1. c4 c5 2. g3 Nc6 3. Bg2 g6 4. Nc3 Bg7 5. Nf3 Nf6 6. d4 cxd4 7. Nxd4 O-O 8.
O-O Nxd4 9. Qxd4 d6 10. Qd1 Qc7 11. Nd5 Nxd5 12. cxd5 Qb6 13. Rb1 Bd7 14. b4
Bb5 15. Re1 Qa6 16. Qd2 Rac8 17. Qe3 Qxa2 18. Ba3 Rc3 19. Ra1 Qxa1 20. Rxa1
Rxe3 0-1

[Event "34. Copenhagen Open (Politiken Cup)"]
[Site "Elsinore"]
[Date "2012.07.30"]
[Round "4"]
[White "Andersen, Daniel"]
[Black "Jensen, Michael Agermose"]
[Result "0-1"]
[WhiteElo "1870"]
[BlackElo "2113"]
[PlyCount "66"]
[EventDate "2012.07.28"]
[EventType "swiss"]
[EventRounds "10"]
[EventCountry "DEN"]
[Source "ChessBase"]
[SourceDate "2012.08.24"]

1. c4 g6 2. e4 Bg7 3. Nc3 d6 4. d4 e5 5. Be3 exd4 6. Bxd4 Nf6 7. Nd5 Nc6 8.
Bxf6 Bxf6 9. Nxf6+ Qxf6 10. Qd2 O-O 11. Ne2 Ne5 12. Nc3 c6 13. Be2 Be6 14. b3
Rad8 15. O-O Qh4 16. Qe3 f5 17. f4 Nf7 18. exf5 Bxf5 19. Qxa7 Rd7 20. Qd4 Re7
21. Rad1 Rfe8 22. Bf3 Re3 23. Qd2 Bd3 24. Ne4 Rxf3 25. Rxf3 Bxe4 26. Re3 d5 27.
Qb4 Qxf4 28. Ree1 Ne5 29. cxd5 cxd5 30. Rxd5 Ng4 31. Rd2 Qxh2+ 32. Kf1 Bxg2+
33. Rxg2 Qh1+ 0-1

[Event "34. Copenhagen Open (Politiken Cup)"]
[Site "Elsinore"]
[Date "2012.07.30"]
[Round "4"]
[White "Andersen, Finn"]
[Black "Fossan, Petter"]
[Result "0-1"]
[WhiteElo "2036"]
[BlackElo "2255"]
[PlyCount "116"]
[EventDate "2012.07.28"]
[EventType "swiss"]
[EventRounds "10"]
[EventCountry "DEN"]
[Source "ChessBase"]
[SourceDate "2012.08.24"]

1. d3 g6 2. e4 Bg7 3. Nf3 c5 4. Nbd2 Nc6 5. c3 e5 6. Be2 Nge7 7. a3 a5 8. a4
O-O 9. O-O h6 10. Nc4 d5 11. Na3 Be6 12. Qc2 f5 13. Rd1 Nc8 14. exd5 Bxd5 15.
Nd2 b6 16. Bf3 Bxf3 17. Nxf3 Ra7 18. b3 Rd7 19. Bb2 N8e7 20. Nc4 Nd5 21. g3 Re8
22. Nh4 Re6 23. Ng2 h5 24. Re1 Re8 25. Rad1 Bf6 26. Nce3 Nxe3 27. Nxe3 Ne7 28.
c4 Kg7 29. f4 exf4 30. Bxf6+ Kxf6 31. gxf4 Kf7 32. Qc3 Rd4 33. Rf1 Qd6 34. Ng2
Nc6 35. Qd2 Qf6 36. Ne1 Nb4 37. Qg2 Re7 38. Qg3 Kg7 39. Rf2 Rxe1+ 40. Rxe1 Nxd3
41. Rfe2 Nxe1 42. Rxe1 Qd6 43. Re5 Rd3 44. Re3 Qd4 45. Kf2 h4 46. Qf3 Rxb3 47.
Qb7+ Kh6 48. Qe7 Qxf4+ 49. Kg2 Rb2+ 50. Re2 h3+ 51. Kg1 Qg4+ 52. Kf1 Qxe2+ 53.
Qxe2 Rxe2 54. Kxe2 g5 55. Kf3 Kg6 56. Kg3 g4 57. Kf4 Kf6 58. Kg3 Kg5 0-1

[Event "34. Copenhagen Open (Politiken Cup)"]
[Site "Elsinore"]
[Date "2012.07.30"]
[Round "4"]
[White "Andersen, Morten"]
[Black "Garberg, Tore"]
[Result "1-0"]
[WhiteElo "2181"]
[BlackElo "1956"]
[PlyCount "69"]
[EventDate "2012.07.28"]
[EventType "swiss"]
[EventRounds "10"]
[EventCountry "DEN"]
[Source "ChessBase"]
[SourceDate "2012.08.24"]

1. e4 c6 2. d4 d5 3. Nc3 dxe4 4. Nxe4 Bf5 5. Ng3 Bg6 6. Nf3 Nd7 7. h4 h6 8. h5
Bh7 9. Bd3 Bxd3 10. Qxd3 e6 11. Bd2 Ngf6 12. O-O-O Be7 13. Qe2 Qc7 14. Ne5 O-O
15. Ng6 Rfe8 16. Nxe7+ Rxe7 17. Nf5 Ree8 18. Nxh6+ gxh6 19. g4 e5 20. Qe3 Nh7
21. Qxh6 Re6 22. Qe3 exd4 23. Qxd4 Qd6 24. Qc3 Qc5 25. Qg3 Ne5 26. g5 Rae8 27.
g6 fxg6 28. hxg6 Rxg6 29. Qh3 Nf8 30. f4 Nf7 31. f5 Rg7 32. Kb1 Qf2 33. Qb3 b6
34. Bc3 Rg2 35. Rh8# 1-0

[Event "34. Copenhagen Open (Politiken Cup)"]
[Site "Elsinore"]
[Date "2012.07.30"]
[Round "4"]
[White "Bjerke, Richard"]
[Black "Thogersen, Rasmus"]
[Result "0-1"]
[WhiteElo "2162"]
[BlackElo "1885"]
[PlyCount "66"]
[EventDate "2012.07.28"]
[EventType "swiss"]
[EventRounds "10"]
[EventCountry "DEN"]
[Source "ChessBase"]
[SourceDate "2012.08.24"]

1. d4 Nf6 2. c4 g6 3. Nc3 Bg7 4. e4 d6 5. f4 O-O 6. Nf3 c5 7. d5 e6 8. dxe6
fxe6 9. Bd3 Nc6 10. O-O Nd4 11. Qe1 a6 12. Qh4 b5 13. e5 dxe5 14. fxe5 Nd7 15.
Bg5 Qe8 16. Be4 Rb8 17. Be7 Nxf3+ 18. gxf3 Bxe5 19. Bxf8 Qxf8 20. cxb5 axb5 21.
Rad1 b4 22. Ne2 Bxb2 23. Kh1 Nf6 24. Qg3 Ba6 25. Bxg6 hxg6 26. Qxg6+ Kh8 27.
Rg1 Bxe2 28. Rg3 Nh7 29. Rd7 Bxf3+ 30. Kg1 Bd4+ 31. Rxd4 cxd4 32. Qd3 Bd5 33.
Qxd4+ Qf6 0-1

[Event "34. Copenhagen Open (Politiken Cup)"]
[Site "Elsinore"]
[Date "2012.07.30"]
[Round "4"]
[White "Bratteteig, Tore Inge"]
[Black "Solli, Oddvar"]
[Result "1/2-1/2"]
[WhiteElo "1679"]
[BlackElo "1894"]
[PlyCount "43"]
[EventDate "2012.07.28"]
[EventType "swiss"]
[EventRounds "10"]
[EventCountry "DEN"]
[Source "ChessBase"]
[SourceDate "2012.08.24"]

1. d4 Nf6 2. Nf3 g6 3. Bf4 Bg7 4. e3 d5 5. Be2 O-O 6. h3 c5 7. c3 Qb6 8. Qb3
Nc6 9. Nbd2 c4 10. Qa3 Re8 11. O-O Bd7 12. Ne5 e6 13. Nxd7 Nxd7 14. Nf3 Nf6 15.
b3 cxb3 16. Qxb3 Qxb3 17. axb3 Rec8 18. c4 Nb4 19. Rfc1 a6 20. Bd6 Bf8 21. Bxb4
Bxb4 22. c5 1/2-1/2

[Event "34. Copenhagen Open (Politiken Cup)"]
[Site "Elsinore"]
[Date "2012.07.30"]
[Round "4"]
[White "Brynell, Stellan"]
[Black "L'Ami, Erwin"]
[Result "1/2-1/2"]
[WhiteElo "2498"]
[BlackElo "2615"]
[PlyCount "85"]
[EventDate "2012.07.28"]
[EventType "swiss"]
[EventRounds "10"]
[EventCountry "DEN"]
[Source "ChessBase"]
[SourceDate "2012.08.24"]

1. d4 Nf6 2. c4 g6 3. g3 Bg7 4. Bg2 O-O 5. Nc3 d6 6. Nf3 c6 7. O-O Bf5 8. Qb3
Qb6 9. Re1 d5 10. Qxb6 axb6 11. cxd5 Nxd5 12. Nxd5 cxd5 13. Bd2 Nc6 14. e3 Be4
15. Rec1 Rfc8 16. Ne1 Bxg2 17. Kxg2 e6 18. Nd3 Bf8 19. a3 Bd6 20. Kf1 Kf8 21.
Bb4 Bxb4 22. axb4 Rxa1 23. Rxa1 b5 24. Ke2 Ke7 25. Kd2 Kd6 26. f4 f6 27. Ra3 g5
28. fxg5 fxg5 29. Ra1 Rf8 30. Ke2 Rf6 31. Rg1 e5 32. dxe5+ Nxe5 33. h4 h6 34.
hxg5 hxg5 35. Rh1 Ng4 36. Rh5 Re6 37. Rxg5 Rxe3+ 38. Kd2 Rxg3 39. Rg6+ Kc7 40.
Rg7+ Kd6 41. Rg6+ Kc7 42. Rg7+ Kd6 43. Rg6+ 1/2-1/2

[Event "34. Copenhagen Open (Politiken Cup)"]
[Site "Elsinore"]
[Date "2012.07.30"]
[Round "4"]
[White "Buchal, Stephan"]
[Black "Spiess, Thomas"]
[Result "1-0"]
[WhiteElo "2320"]
[BlackElo "2007"]
[PlyCount "151"]
[EventDate "2012.07.28"]
[EventType "swiss"]
[EventRounds "10"]
[EventCountry "DEN"]
[Source "ChessBase"]
[SourceDate "2012.08.24"]

1. e4 c5 2. Nf3 e6 3. c3 Nf6 4. e5 Nd5 5. d4 cxd4 6. cxd4 d6 7. Nc3 Nxc3 8.
bxc3 Qc7 9. Bd2 Nd7 10. Ng5 h6 11. exd6 Bxd6 12. Ne4 O-O 13. Bd3 Be7 14. O-O
Rd8 15. Re1 Nf6 16. Qf3 Bd7 17. Nxf6+ Bxf6 18. Bxh6 Bc6 19. Qg4 Kf8 20. Bf4 Qa5
21. Rec1 Rac8 22. Qg3 Ke7 23. h3 Rd7 24. Bf1 b6 25. Qe3 Bb7 26. Rab1 Ba6 27.
Bxa6 Qxa6 28. Rb2 Qa3 29. Rbc2 Rc4 30. Be5 Qa4 31. Bxf6+ gxf6 32. Qe4 b5 33.
Kh2 Rdc7 34. h4 b4 35. g3 bxc3 36. Qe3 Qa5 37. Qf3 Qd5 38. Kg2 Qxd4 39. Rd1 Qc5
40. Rh1 Qd5 41. Rd1 Qxf3+ 42. Kxf3 f5 43. Rb1 Kf6 44. Rb3 a5 45. Ke2 a4 46. Rb5
Kg6 47. Rb8 f4 48. g4 e5 49. f3 f6 50. Rb6 e4 51. fxe4 Rxe4+ 52. Kf3 Re1 53. g5
Rd1 54. Rxf6+ Kg7 55. Rxf4 Rb1 56. Rxa4 Rf1+ 57. Ke2 Rh1 58. Kf3 Rh3+ 59. Kg2
Rd3 60. Rf4 Rb7 61. Rf3 Rd2+ 62. Rxd2 cxd2 63. Rd3 Rb2 64. Kg3 Rxa2 65. Kg4
Ra4+ 66. Kh5 Ra2 67. Rd7+ Kf8 68. Kh6 Ke8 69. Rd3 Ra4 70. h5 Ra7 71. g6 Kf8 72.
g7+ Kf7 73. Rd8 Ra6+ 74. Kh7 Ra7 75. g8=Q+ Kf6+ 76. Kh6 1-0